Area codes for word guessr - Statistics

General Stats
  • This quiz has been taken 5 times
  • The average score is 10 of 14
Answer Stats
Hint Answer % Correct
907 Alaska
100%
302 Delaware
80%
808 Hawaii
80%
208 986 Idaho
80%
207 Maine
80%
603 New Hampshire
80%
505 575 New Mexico
80%
701 North Dakota
80%
401 Rhode island
80%
802 Vermont
80%
304 681 West Virginia
80%
307 Wyoming
80%
605 South Dakota
60%
406 Motana
0%
No matching quizzes found
Score Distribution
Percent of People with Each Score
Percentile by Number Answered
Your Score History
You have not taken this quiz